<?xml version="1.0" encoding="UTF-8"?>
<record
    xmlns:xsi="http://www.w3.org/2001/XMLSchema-instance"
    xsi:schemaLocation="http://www.loc.gov/MARC21/slim http://www.loc.gov/standards/marcxml/schema/MARC21slim.xsd"
    xmlns="http://www.loc.gov/MARC21/slim">

  <leader>02220nam a22003377a 4500</leader>
  <controlfield tag="005">20150312020002.0</controlfield>
  <controlfield tag="008">140506s2014    enk           001 0 eng  </controlfield>
  <datafield tag="020" ind1=" " ind2=" ">
    <subfield code="a">9781118291061 (cloth)</subfield>
  </datafield>
  <datafield tag="020" ind1=" " ind2=" ">
    <subfield code="a">9781118291078 (pbk.)</subfield>
  </datafield>
  <datafield tag="040" ind1=" " ind2=" ">
    <subfield code="a">DLC</subfield>
    <subfield code="c">DLC</subfield>
    <subfield code="d">CO-BoIAVH</subfield>
  </datafield>
  <datafield tag="041" ind1=" " ind2=" ">
    <subfield code="a">eng</subfield>
  </datafield>
  <datafield tag="044" ind1=" " ind2=" ">
    <subfield code="a">xxu</subfield>
  </datafield>
  <datafield tag="082" ind1="0" ind2="0">
    <subfield code="a">639.9</subfield>
    <subfield code="b">F94w</subfield>
  </datafield>
  <datafield tag="100" ind1="1" ind2=" ">
    <subfield code="a">Fryxell, John M.,</subfield>
    <subfield code="d">1954-</subfield>
    <subfield code="9">33418</subfield>
  </datafield>
  <datafield tag="245" ind1="1" ind2="0">
    <subfield code="a">Wildlife ecology, conservation, and management.</subfield>
    <subfield code="c">John M. Fryxell, Anthony R.E. Sinclair and Graeme Caughley.</subfield>
  </datafield>
  <datafield tag="250" ind1=" " ind2=" ">
    <subfield code="a">Third edition /</subfield>
  </datafield>
  <datafield tag="260" ind1=" " ind2=" ">
    <subfield code="a">Reino Unido:</subfield>
    <subfield code="b">Wiley,</subfield>
    <subfield code="c">2014.</subfield>
  </datafield>
  <datafield tag="300" ind1=" " ind2=" ">
    <subfield code="a">509 pages</subfield>
    <subfield code="c">25 cm.</subfield>
  </datafield>
  <datafield tag="500" ind1=" " ind2=" ">
    <subfield code="a">Este libro va acompa&#xF1;ado de un sitio web complementario www.wiley.com/go/Fryxell/Wildlife
que incluye recursos adicionales, powerpoints de todas las cifras del libro para descargar, PDF&#xB4;s de todas las tablas del libro para descargar</subfield>
  </datafield>
  <datafield tag="504" ind1=" " ind2=" ">
    <subfield code="a">Incluye referencias bibliogr&#xE1;ficas (pag. 435-4889, &#xED;ndice y glosario</subfield>
  </datafield>
  <datafield tag="505" ind1=" " ind2=" ">
    <subfield code="a">Part 1.  Wildlife ecology
Food and nutrition
Home range and habitat use
Dispersal, dispersion and distribution
Population growth and  regulation
Competition and facilitation beteen species
Predation
Parasites and pathogens
Consumer -resource dynamics
The ecology of behavior
Climate change and wildlife</subfield>
  </datafield>
  <datafield tag="505" ind1=" " ind2=" ">
    <subfield code="a">Part 2.  Wildlife conservation and management
Counting animals
Age and stage structure
Experimental management
Model evaluation and adaptative management
Population viability analysis
Conservation in practice
Wildlife harvesting
Wildlife control
Evolution and conservation genetics
Habitat loss and metapopulation dynamics
Ecosystem management and conservation</subfield>
  </datafield>
  <datafield tag="650" ind1=" " ind2="0">
    <subfield code="a">Wildlife management.</subfield>
    <subfield code="9">33419</subfield>
  </datafield>
  <datafield tag="650" ind1=" " ind2="0">
    <subfield code="a">Wildlife conservation.</subfield>
    <subfield code="9">33420</subfield>
  </datafield>
  <datafield tag="650" ind1=" " ind2="0">
    <subfield code="a">Animal ecology.</subfield>
    <subfield code="9">33421</subfield>
  </datafield>
  <datafield tag="650" ind1=" " ind2="0">
    <subfield code="a">Manejo de la vida silvestre</subfield>
    <subfield code="9">33422</subfield>
  </datafield>
  <datafield tag="700" ind1="1" ind2=" ">
    <subfield code="a">Sinclair, A. R. E.</subfield>
    <subfield code="q">(Anthony Ronald Entrican)</subfield>
    <subfield code="9">33423</subfield>
  </datafield>
  <datafield tag="700" ind1="1" ind2=" ">
    <subfield code="a">Caughley, Graeme.</subfield>
    <subfield code="9">22233</subfield>
  </datafield>
  <datafield tag="776" ind1="0" ind2="8">
    <subfield code="i">Online version:</subfield>
    <subfield code="a">Fryxell, John M., 1954-</subfield>
    <subfield code="t">Wildlife ecology, conservation, and management.</subfield>
    <subfield code="b">Third edition / John M. Fryxell, Anthony R.E. Sinclair, Graeme Caughley.</subfield>
    <subfield code="d">Chichester, West Sussex : John Wiley &amp; Sons, Inc. 2014</subfield>
    <subfield code="z">9781118348192</subfield>
    <subfield code="w">(DLC) 2014018491</subfield>
  </datafield>
  <datafield tag="942" ind1=" " ind2=" ">
    <subfield code="2">ddc</subfield>
    <subfield code="c">LIBRO</subfield>
    <subfield code="0">1</subfield>
  </datafield>
  <datafield tag="999" ind1=" " ind2=" ">
    <subfield code="c">9094</subfield>
    <subfield code="d">9094</subfield>
  </datafield>
  <datafield tag="952" ind1=" " ind2=" ">
    <subfield code="0">0</subfield>
    <subfield code="1">0</subfield>
    <subfield code="2">ddc</subfield>
    <subfield code="4">0</subfield>
    <subfield code="7">0</subfield>
    <subfield code="8">GENERAL</subfield>
    <subfield code="I">INV2017</subfield>
    <subfield code="a">Bogota</subfield>
    <subfield code="b">Bogota</subfield>
    <subfield code="d">2015-03-11</subfield>
    <subfield code="e">Instituto</subfield>
    <subfield code="g">39000.00</subfield>
    <subfield code="l">2</subfield>
    <subfield code="o">LB-639.9 F94w</subfield>
    <subfield code="p">038956</subfield>
    <subfield code="r">2020-02-03 00:00:00</subfield>
    <subfield code="s">2019-01-25</subfield>
    <subfield code="t">Ej. 1</subfield>
    <subfield code="w">2015-03-11</subfield>
    <subfield code="x">Donaci&#xF3;n</subfield>
    <subfield code="y">LIBRO</subfield>
  </datafield>
</record>
